Využitie informácií z prehľadu peňažných tokov vo finančnom riadení účtovnej jednotky diplomová práca

Saved in:
Bibliographic Details
Main Author: Priekopová, Daniela
Corporate Author: Fakulta hospodárskej informatiky EU. Katedra účtovníctva a audítorstva
Other Authors: Blahušiaková, Miriama, 1980-
Format: Book
Language:Slovak
Published: Bratislava 2022
Tags: Add Tag
No Tags, Be the first to tag this record!

MARC

LEADER 00000nbm a2200000 4500
001 0284413
005 20230125105055.4
041 0 |a slo 
044 |a SK 
245 1 0 |a Využitie informácií z prehľadu peňažných tokov vo finančnom riadení účtovnej jednotky  |b diplomová práca  |c Daniela Priekopová ; školiteľ: Miriama Blahušiaková 
264 1 |a Bratislava  |c 2022 
300 |a 60 s. 
100 1 |a Priekopová, Daniela 
700 1 |a Blahušiaková, Miriama, 1980- 
710 2 |a Fakulta hospodárskej informatiky EU. Katedra účtovníctva a audítorstva